Automatizácia ohrozuje najmä nízkopríjmové skupiny zamestnancov

V porovnaní s ostatnými krajinami sveta je slovenský trh práce jedným z najviac ohrozených automatizáciou. Dynamické nahrádzanie ľudí robotmi a umelou inteligenciou napríklad vo finančnom sektore. Povolania vysoko ohrozené automatizáciou zároveň aj podpriemerne platené.

Saved in:
Bibliographic Details
Main Author: Vitáloš, Matej, 1993-
Format: Book Chapter
Language:Slovak
Subjects:
Tags: Add Tag
No Tags, Be the first to tag this record!

MARC

LEADER 00000naa a2200000 4500
001 0261016
005 20240502074137.4
041 0 |a slo 
044 |a SK 
245 1 0 |a Automatizácia ohrozuje najmä nízkopríjmové skupiny zamestnancov  |c Matej Vitáloš 
520 |a V porovnaní s ostatnými krajinami sveta je slovenský trh práce jedným z najviac ohrozených automatizáciou. Dynamické nahrádzanie ľudí robotmi a umelou inteligenciou napríklad vo finančnom sektore. Povolania vysoko ohrozené automatizáciou zároveň aj podpriemerne platené. 
610 2 0 |a trh práce 
610 2 0 |a Slovensko 
610 2 0 |a platy 
610 2 0 |a zamestnanci 
610 2 0 |a zamestnanosť 
610 2 0 |a automatizácia 
610 2 0 |a robotizácia 
610 2 0 |a sektor finančný 
100 1 |a Vitáloš, Matej, 1993-